000 02369nam a22002537a 4500
003 Uzh_bibl
008 260508b |||||||| |||| 00| 0 ukr d
020 _a978-617-7013-44-9
_c69.00
040 _bукр.
041 _2ukr
_aukr
080 _a821(477)
090 _a821(477)
_bЯ 73
100 _aЯріш,Ярослав
245 _aСповідь з того світу
_cхудож. -оформлювач Л. П. Вировець
_hТекст
260 _aХарків
_bБібколектор
_c2016
300 _a283 с.
_fВ опр.
520 _aХто насмілиться кинути виклик Долі? Хто заставить Коло Історії крутитися в інший бік? Хто здатен перескочити безмежну прірву відчаю, страху й зневіри, піднятися вище за саму Смерть і своєю любов’ю розігнати темряву?! Невже вона, тендітна молода жінка, в котрої щойно забрали найдорожче? Її Іван гине під час подій на Майдані — Марія ж не може змиритися зі смертю коханого чоловіка. І ось жереб кинуто: Доля заводить жінку в дохристиянські часи, вимірявши дистанцію у 13 століть. Галасливим вертепом пробігають покоління, змінюються епохи... Авари, хрестоносці, монголи, яничари, НКВС... А Марія все мандрує і мандрує: щойно перетнувши фінальну лінію, знову опиняється на старті. Це і є відповіддю всесильної Долі на її виклик, адже Кола Історії не розірвати: як гинули Іванові прадіди, так і він мусить віддати своє життя за рідну землю.
521 _aДля широкого кола читачів
546 _aукр.
650 _aЛітературно-художнє видання
653 _aДоля
_aІсторія
655 _aСучасна проза
_vІсторичний трилер
942 _2udc
_cBK
999 _c17692
_d17692